Biggest U.S. Cities with the Most Third Party Voters - Statistics

General Stats
  • This quiz has been taken 102 times
  • The average score is 7 of 25
Answer Stats
Share City Population % Correct
4.7% Chicago, IL 2,746,388
83%
5.3% Minneapolis, MN 429,954
57%
4.9% Las Vegas, NV 641,903
53%
6.2% St. Paul. MN 311,527
53%
4.5% Kansas City, KS 156,607
47%
4.8% Anchorage, AK 291,247
41%
5.2% Wichita, KS 397,532
35%
5.1% Colorado Springs, CO 478,961
34%
5.6% Reno, NV 264,165
34%
5.0% Topeka, KS 126,587
28%
5.0% Aurora, IL 180,542
26%
4.6% Henderson, NV 317,610
24%
5.1% Joliet, IL 150,362
22%
5.0% North Las Vegas, NV 262,527
21%
5.4% Salem, OR 175,535
21%
5.1% Eugene, OR 176,654
20%
4.4% Fargo, ND 125,990
20%
4.4% Overland Park, KS 197,238
20%
5.4% Olathe, KS 141,290
15%
4.9% Fort Collins, CO 169,810
14%
4.7% Lakewood, CO 155,984
12%
5.5% Norman, OK 128,026
9%
5.0% Rockford, IL 148,655
9%
4.7% Thornton, CO 141,867
8%
5.4% West Valley City, UT 140,230
7%
No matching quizzes found
Score Distribution
Percent of People with Each Score
Percentile by Number Answered
Your Score History
You have not taken this quiz